[Event "HUN-chT"]
[Site "HUN"]
[Date "1992.??.??"]
[Round "?"]
[White "Klaric, Zlatko"]
[Black "Navarovszky, Laszlo"]
[Result "1-0"]
[WhiteElo "2400"]
[BlackElo "2340"]

1.d4 Nf6 2.Bg5 Ne4 3.Bf4 c5 4.f3 Nf6 5.d5 Qb6 6.e4 Qxb2 7.Nd2 Qc3 8.Rb1 Qa5
9.Rb5 Qd8 10.d6 b6 11.Nc4 e6 12.g4 Nc6 13.Ne3 Bb7 14.c3 g6 15.h4 Bg7 16.h5 O-O
17.Qd2 Ne8 18.Nd1 f6 19.hxg6 hxg6 20.g5 f5 21.exf5 Rxf5 22.Bd3 Rxf4 23.Qxf4 Ne5
24.Bb1 Nxd6 25.Rb2 Ndf7 26.Rg2 Qc7 27.Qg3 Qc6 28.Rh3 Qd5 29.Be4 Nd3+ 30.Kd2 Qxa2+
31.Kxd3 Bxe4+ 32.fxe4 Qb1+ 33.Kd2 Qxe4 34.Qf3 Qxf3 35.Nxf3 a5 36.Ne3 a4 37.Kc2 b5
38.Ng4 b4 39.Nf6+ Kf8 40.Nxd7+ Ke7 41.Nxc5 Bxc3 42.Re2 Kf8 43.Nxe6+ Kg8 44.Nh4 a3
45.Nxg6 Re8 46.Kb3 Nxg5 47.Rhe3 Nxe6 48.Rxe6 Rd8 49.Rf2 Rd1 50.Ne7+ Kh7 51.Rg6  1-0

[Event "HUN-chT"]
[Site "HUN"]
[Date "1992.??.??"]
[Round "?"]
[White "Puschmann, Laszlo"]
[Black "Feher, Gyula"]
[Result "1/2-1/2"]
[WhiteElo "2370"]
[BlackElo "2405"]

1.d4 Nf6 2.Bg5 Ne4 3.Bf4 d5 4.Nd2 Bf5 5.Nxe4 Bxe4 6.e3 e6 7.Nf3 Nd7 8.Bd3 Nf6
9.O-O Be7 10.Ne5 O-O 11.h3 c6 12.Bh2 Bxd3 13.cxd3 Nd7 14.f4 f6 15.Nf3 Qb6
16.Qe2 c5 17.Kh1 Rac8 18.Rac1 Qa6 19.Rc2 c4 20.dxc4 Rxc4 21.Rxc4 Qxc4 22.Qxc4 dxc4
23.Rc1 Rc8 24.Kg1 b5 25.Kf2 f5 26.Ke2 Nf6 27.Bg3 Nd5 28.Be1 Rc6 29.Rc2 Bd6
30.g3 h6 31.Bd2 Kf7 32.Rc1 Kf6 33.Rc2 Rc8 34.Rc1 b4 35.Be1 g5 36.fxg5+ hxg5
37.e4 fxe4 38.Nd2 c3 39.Nxe4+ Ke7 40.bxc3 bxc3 41.Nxc3 Kd7 42.Kd3  1/2-1/2

[Event "HUN-chT"]
[Site "HUN"]
[Date "1992.??.??"]
[Round "?"]
[White "Brandics, Jozsef"]
[Black "Fusthy, Zsolt"]
[Result "0-1"]
[WhiteElo "2335"]
[BlackElo "2285"]

1.d4 Nf6 2.Bg5 Ne4 3.Bf4 c5 4.dxc5 Nc6 5.Nd2 Nxc5 6.e4 e5 7.Be3 d5 8.exd5 Qxd5
9.Ngf3 Bg4 10.Bc4 Qd7 11.h3 Bh5 12.g4 Bg6 13.Nh4 O-O-O 14.Nxg6 hxg6 15.Nb3 Nd4
16.Nxd4 exd4 17.Bf4 Qc6 18.f3 Bd6 19.Bxd6 Qxd6 20.Kf2 Qf4 21.Kg2 Rde8 22.Re1 f5
23.Bb5 Ref8 24.Qc1 Qd6 25.Rh1 Qd8 26.c4 Qd6  0-1

[Event "HUN-chT"]
[Site "HUN"]
[Date "1992.??.??"]
[Round "5"]
[White "Brandics, Jozsef"]
[Black "Lengyel, Ferenc"]
[Result "1-0"]
[WhiteElo "2335"]
[BlackElo "2280"]

1.d4 Nf6 2.Bg5 Ne4 3.Bf4 d5 4.Nd2 Nf6 5.e3 Bf5 6.Ngf3 h6 7.c4 e6 8.Qb3 Qc8
9.Rc1 c6 10.Ne5 Be7 11.Be2 Nbd7 12.g4 Bh7 13.Bf3 Nxe5 14.Bxe5 O-O 15.h4 Ne4
16.Nxe4 Bxe4 17.Bxe4 dxe4 18.c5 Qd7 19.Ke2 Rfd8 20.a3 f6 21.Bg3 Kf8 22.Qc2 Qd5
23.Qc4 h5 24.Qxd5 Rxd5 25.gxh5 Rxh5 26.b4 a6 27.a4 Kf7 28.Rc2 g5 29.f3 Rah8
30.fxe4 gxh4 31.Be1 Bd8 32.Rh3 Bc7 33.Kf3 f5 34.Rg2 Bd8 35.exf5 exf5 36.b5 axb5
37.axb5 Ke6 38.Rg7 R8h7 39.Rxh7 Rxh7 40.b6 Bg5 41.Bg3 Rh8 42.Rh1 Ra8 43.Be5 Ra3
44.Bf4 Bf6 45.Rd1 Rb3 46.Bd6 Kd5 47.Kf4 Ke6 48.Rg1 Rb2 49.Kf3 Kf7 50.Bf4 Rb3
51.Ke2 h3 52.Rh1 Ke8  1-0

[Event "HUN-chT"]
[Site "HUN"]
[Date "1992.??.??"]
[Round "6"]
[White "Puschmann, Laszlo"]
[Black "Horvath, Sandor"]
[Result "1/2-1/2"]
[WhiteElo "2370"]
[BlackElo "2360"]

1.d4 Nf6 2.Bg5 Ne4 3.Bf4 d5 4.Nd2 Bf5 5.e3 e6 6.f3 Nxd2 7.Qxd2 Bd6 8.Ne2 Nc6
9.c3 h5 10.h4 Qe7 11.Ng3 Bxf4 12.exf4 Qf6 13.Bb5 a6 14.Bxc6+ bxc6 15.Kf2 Qg6
16.Rae1 O-O 17.Re5 Rfe8 18.Nxf5 exf5 19.Rhe1 Rxe5 20.Rxe5 Qf6 21.Kg3 g6 22.Qc2 Kf8
23.c4 dxc4 24.Qxc4 Rd8 25.Qxa6 Rxd4 26.Qc8+ Qd8 27.Qxd8+ Rxd8 28.Kf2 Rb8
29.b3 Ra8 30.Re2 c5 31.Ke3 Ke7 32.Kd3+ Kd6 33.Kc3 Rb8 34.a4 Rb4 35.g3 Rb8
36.Re1 Rb6 37.Rd1+ Kc6 38.Rd8 Kb7 39.Rd5 Kc6 40.Re5 Kd6 41.Re8 Kd7 42.Rf8 Ke7
43.Ra8 Re6 44.Kc4 Kd6 45.Rd8+ Kc6 46.Rd5 Re3 47.Rxc5+ Kb7 48.Rb5+ Ka6 49.Rc5 Kb7
50.Kb4 Rxf3 51.Rc3 Rf1 52.a5 Rd1 53.Ka4 Rd4+ 54.b4 c6 55.Kb3 Rd1 56.Kc4 Rd2
57.Rd3 Rc2+ 58.Kb3 Rg2 59.Rd7+ Kc8 60.Rxf7 Rxg3+ 61.Kc4 Rf3 62.a6 Kb8 63.Kc5 Rxf4
64.Rb7+ Ka8 65.Kxc6 Rc4+ 66.Kb5 Re4 67.Rg7 f4 68.Rf7 Re5+ 69.Kb6 Rf5 70.Rd7 Rf6+
71.Ka5 f3 72.Rd8+ Ka7 73.Rd7+ Ka8 74.Rd8+ Ka7  1/2-1/2

[Event "Ireland-Wales"]
[Site "IRL"]
[Date "1992.??.??"]
[Round "?"]
[White "Brady, Stephen"]
[Black "Rayner, Francis"]
[Result "1-0"]
[WhiteElo "2320"]
[BlackElo "2270"]

1.d4 Nf6 2.Bg5 Ne4 3.Bf4 c5 4.d5 Qb6 5.Nd2 Qxb2 6.Nxe4 Qb4+ 7.Qd2 Qxe4 8.e3 e6
9.Ne2 g5 10.Nc3 Qf5 11.Bg3 Bg7 12.Rd1 O-O 13.Bd3 Qg4 14.h4 Qb4 15.Nb5 Qxd2+
16.Kxd2 gxh4 17.Rxh4 Na6 18.Bxh7+ Kh8 19.Rdh1 exd5 20.Rg4  1-0

[Event "Katerini op"]
[Site "Katerini"]
[Date "1992.??.??"]
[Round "?"]
[White "Nei, Iivo"]
[Black "Angelov, Rumen"]
[Result "0-1"]
[WhiteElo "2410"]
[BlackElo "2225"]

1.d4 Nf6 2.Bg5 Ne4 3.Bf4 d5 4.e3 c5 5.Nd2 Nxd2 6.Qxd2 Nc6 7.Nf3 e6 8.O-O-O cxd4
9.Nxd4 Bd6 10.Bb5 O-O 11.Nxc6 bxc6 12.Bxc6 Rb8 13.Bxd6 Qxd6 14.Ba4 Rb4 15.Bb3 Bd7
16.c3 Rb6 17.Qd4 Rfb8 18.Rd2 a5 19.Bc2 g6 20.Bb1 e5 21.Qh4 Rxb2  0-1

[Event "Katowice op"]
[Site "Katowice"]
[Date "1992.??.??"]
[Round "5"]
[White "Nesterov, Jakov"]
[Black "Brodsky, Michail"]
[Result "0-1"]
[WhiteElo "2405"]
[BlackElo "2485"]

1.d4 Nf6 2.Bg5 Ne4 3.Bh4 c5 4.f3 Qa5+ 5.c3 g5 6.fxe4 gxh4 7.e3 Nc6 8.Nd2 cxd4
9.exd4 Bh6 10.Nh3 d5 11.Nb3 Qb6 12.Qh5 Nd8 13.Qxd5 Bd7 14.Nf2 Rg8 15.Qh5 Rg6
16.Qxh4 a5 17.Rb1 e5 18.Qh5 exd4 19.Nxd4 Ne6 20.Nf5 Bf8 21.g3 Rc8 22.Bd3 Bc5
23.Qe2 Kf8 24.Ng4 Qc7 25.Rf1 Re8 26.Nfh6 Nd8 27.Kd1 Kg7 28.Nf5+ Bxf5 29.Rxf5 Bb6
30.Kc2 Ne6 31.Rbf1 Nd4+  0-1

[Event "Kobanya op"]
[Site "Kobanya op"]
[Date "1992.??.??"]
[Round "5"]
[White "Deak, Sandor"]
[Black "Varavin, Viktor"]
[Result "0-1"]
[WhiteElo "2375"]
[BlackElo "2465"]

1.d4 Nf6 2.Bg5 Ne4 3.Bh4 c5 4.f3 g5 5.fxe4 gxh4 6.e3 Bh6 7.Kf2 cxd4 8.exd4 Nc6
9.Nf3 e5 10.Nc3 exd4 11.Nd5 Be3+ 12.Ke1 d6 13.c3 Be6 14.Bb5 a6 15.Nxd4 Bxd5
16.exd5 axb5 17.dxc6 bxc6 18.Nf5 Bc5 19.Qg4 Qf6 20.Rf1 Ra4 21.Nd4 Qe6+ 22.Qxe6+ fxe6
23.Nxc6 Kd7 24.Nb4 Bxb4 25.cxb4 Rxb4 26.Rf7+ Kc6 27.Rc1+ Rc4 28.Rxc4+ bxc4
29.Rf4 d5 30.b3 cxb3 31.axb3 h3 32.gxh3 Rb8 33.b4 e5 34.Rf6+ Kb5 35.Re6 e4
36.Ke2 Kxb4 37.Ke3 Kc5 38.Re7 Rb3+  0-1

[Event "Lloyds Bank op"]
[Site "London"]
[Date "1992.??.??"]
[Round "?"]
[White "Hodgson, Julian M"]
[Black "Emms, John M"]
[Result "1-0"]
[WhiteElo "2535"]
[BlackElo "2455"]

1.d4 Nf6 2.Bg5 Ne4 3.h4 c5 4.d5 d6 5.Qd3 Bf5 6.g4 Bg6 7.h5 Qa5+ 8.Bd2 Nxd2
9.Qxd2 Qxd2+ 10.Nxd2 Bxc2 11.b3 c4 12.Rh3 h6 13.Rc3 Bh7 14.Rxc4 Nd7 15.Rac1 Kd8
16.e4 g6 17.hxg6 Bxg6 18.f4 Bg7 19.Ngf3 Bb2 20.R1c2 Ba3 21.b4 a5 22.bxa5 Bc5
23.Nb3 e6 24.dxe6 fxe6 25.Nxc5 Nxc5 26.Rd4 Ke7 27.f5 Bf7 28.e5 dxe5 29.Nxe5 Rxa5
30.f6+ Kxf6 31.Rxc5 Rxc5 32.Nd7+ Kg5 33.Nxc5 e5 34.Ra4 b6 35.Ne4+ Kh4 36.Be2 Rd8
37.g5 b5 38.Ra6  1-0

[Event "ESP-ch"]
[Site "Madrid"]
[Date "1992.??.??"]
[Round "8"]
[White "Bellon Lopez, Juan Manuel"]
[Black "Barbera Estelles, Rosendo"]
[Result "1-0"]
[WhiteElo "2435"]
[BlackElo "2260"]

1.d4 Nf6 2.Bg5 Ne4 3.Bf4 c5 4.d5 d6 5.f3 Nf6 6.e4 g6 7.Bb5+ Nbd7 8.a4 Bg7
9.c3 a6 10.Bd3 b6 11.Na3 O-O 12.Ne2 Ne8 13.Qd2 Ne5 14.Bc2 b5 15.O-O Rb8 16.Rac1 Bd7
17.axb5 axb5 18.Kh1 Rb7 19.Bg3 Qb8 20.b3 Ra7 21.Nb1 Ra2 22.f4 Ng4 23.h3 Ngf6
24.Qe3 Nc7 25.Rfd1 Qb7 26.Bd3 Rfa8 27.c4 bxc4 28.Bxc4 Rb2 29.Nbc3 Nb5 30.Bh4 Nxc3
31.Nxc3 Be8 32.e5 Nd7 33.exd6 exd6 34.Bb5 Rxb3 35.Bc6 Qb8 36.Bxa8 Qxa8 37.Re1 Bxc3
38.Rxc3 Rxc3 39.Qxc3 Nb6 40.Qf6 Nxd5 41.Qxd6 Bc6 42.Rb1 Bb7 43.f5 Ne3 44.Qc7 Bxg2+
45.Kg1 Qe4 46.Qd8+ Kg7 47.Qf6+ Kh6 48.Qg5+  1-0

[Event "Manila ol (Women)"]
[Site "Manila"]
[Date "1992.??.??"]
[Round "?"]
[White "Agababian, Naira"]
[Black "Erenska Radzewska, Hanna"]
[Result "0-1"]
[WhiteElo "2125"]
[BlackElo "2275"]

1.d4 Nf6 2.Bg5 Ne4 3.Bf4 d5 4.e3 c5 5.c3 Nc6 6.f3 Nf6 7.g4 e6 8.Ne2 Nd7 9.Bg3 Be7
10.Bg2 Qb6 11.Qb3 O-O 12.O-O e5 13.f4 cxd4 14.exd4 exd4 15.Bf2 Qxb3 16.axb3 Nc5
17.Bxd5 dxc3 18.Nbxc3 Bxg4 19.Bc4 Rfd8 20.Nd5 Bf8 21.Nec3 Ne6 22.Bh4 Rdc8
23.Ne4 h5 24.Kg2 Ncd4 25.Nec3 Nc2 26.Rac1 Bf5 27.Rf2 Nb4 28.Rd1 Bc5 29.Rfd2 Bg4
30.Ra1 Nxd5 31.Nxd5 Kf8 32.h3 Bf5 33.Nc3 Be7 34.Bf2 Rd8 35.Rxd8+ Rxd8 36.Nd5 Be4+  0-1

[Event "Manila ol (Men)"]
[Site "Manila"]
[Date "1992.??.??"]
[Round "?"]
[White "Hodgson, Julian M"]
[Black "Zagrebelny, Sergey"]
[Result "1/2-1/2"]
[WhiteElo "2545"]
[BlackElo "2440"]

1.d4 Nf6 2.Bg5 Ne4 3.h4 d5 4.Nd2 Nxg5 5.hxg5 Bf5 6.e3 e6 7.g4 Bg6 8.f4 Nd7
9.Qf3 Bxc2 10.Rc1 Ba4 11.Bd3 g6 12.f5 gxf5 13.gxf5 Qxg5 14.Nh3 Qh4+ 15.Nf2 Qg5
16.Nh3 Qh4+ 17.Nf2 Qg5 18.Nh3  1/2-1/2

[Event "Manila ol (Men)"]
[Site "Manila"]
[Date "1992.??.??"]
[Round "?"]
[White "Hodgson, Julian M"]
[Black "Zaichik, Gennadi"]
[Result "1/2-1/2"]
[WhiteElo "2545"]
[BlackElo "2470"]

1.d4 Nf6 2.Bg5 Ne4 3.h4 d5 4.Nd2 Nxg5 5.hxg5 g6 6.e3 e5 7.dxe5 Qxg5 8.Ngf3 Qd8
9.c4 c6 10.cxd5 cxd5 11.Qa4+ Nc6 12.Bb5 Bd7 13.e6 Bxe6 14.Bxc6+ bxc6 15.Qxc6+ Bd7
16.Qxd5 Bg7 17.Qe4+ Kf8 18.O-O Bf5 19.Qa4 Qe8 20.Qa3+ Qe7 21.Qb3 Be6 22.Qb5 h5
23.Nd4 Bxd4 24.exd4 h4 25.Rfe1 Rd8 26.Nf3 h3 27.Qc5 hxg2 28.Kxg2 Rh5 29.Qxe7+ Kxe7
30.Rac1 Kd6 31.Re5 Bd5 32.Kg3 f6 33.Rxh5 gxh5 34.Kf4 Re8 35.Re1 Rxe1 36.Nxe1 Bxa2
37.Kf5 Ke7 38.Ng2 Bb1+ 39.Kf4 a5 40.Ne3 Bd3 41.Ng2 Kd6 42.Ke3 Bf5 43.Nf4 h4
44.Kf3 Bd7 45.Kg2 Bg4 46.Kh2 Bd7 47.Nh5 Ke7 48.Nf4 Kd6 49.Nh5 Ke7 50.Nf4 Kd6  1/2-1/2

[Event "Milan op"]
[Site "Milan"]
[Date "1992.??.??"]
[Round "?"]
[White "Drazic, Sinisa"]
[Black "Pieri, Filippo"]
[Result "1-0"]
[WhiteElo "2410"]
[BlackElo "2250"]

1.d4 Nf6 2.Bg5 Ne4 3.Bf4 d5 4.Nd2 Nxd2 5.Qxd2 Bf5 6.Nf3 e6 7.e3 Be7 8.c4 O-O
9.Rc1 c6 10.Be2 dxc4 11.Bxc4 Nd7 12.O-O Nb6 13.Bb3 Nd5 14.Bg3 Bb4 15.Qe2 Be4
16.Bc2 Nf6 17.Qc4 Bxf3 18.Qxb4 Be2 19.Rfe1 Ba6 20.Bb1 Qd7 21.Be5 Ng4 22.Bg3 f5
23.Qb3 Kh8 24.h3 Nf6 25.a3 Rae8 26.Qb4 Nd5 27.Qd6 Qf7 28.Be5 f4 29.e4 Ne7
30.f3 Ng6 31.Qc7 Re7 32.Qa5 Nh4 33.Qd2 Qg6 34.Qf2  1-0

[Event "Moscow Tal mem"]
[Site "Moscow"]
[Date "1992.??.??"]
[Round "?"]
[White "Danielian, Oganes"]
[Black "Salov, Sergei"]
[Result "1-0"]
[WhiteElo "2310"]
[BlackElo "2240"]

1.d4 Nf6 2.Bg5 Ne4 3.Bh4 c5 4.f3 g5 5.fxe4 gxh4 6.e3 Qb6 7.Nc3 e6 8.Nf3 Bh6
9.Kf2 cxd4 10.Qxd4 Rg8 11.Nb5 Ke7 12.e5 Rg4 13.Qd6+ Kd8 14.Qxb6+ axb6 15.Nd6 Bg7
16.Bc4 Nc6 17.h3 Rg6 18.Nxh4 Nxe5 19.Nxg6 hxg6 20.Bb5 Bf8 21.Rhd1 Kc7 22.Ne8+ Kd8
23.Nd6 Kc7 24.Nc4 Nc6 25.c3 d6 26.g4 Be7 27.Kg2 Bd7 28.e4 Rd8 29.g5 Bc8 30.Rf1 Rf8
31.Rad1 Na7 32.a4 Nxb5 33.axb5 Bd7 34.e5 d5 35.Nd6 Bxd6 36.exd6+ Kxd6 37.c4 Kc5
38.Rf4 Rd8 39.b3 Be8 40.h4 Ra8 41.cxd5 exd5 42.b4+ Kd6 43.Rf6+ Ke5 44.Re1+ Kd4
45.Rxb6 Ra2+ 46.Kg3 Bd7 47.Rxb7 Be6 48.h5 gxh5 49.g6 h4+ 50.Kxh4 Rh2+ 51.Kg3 Rh3+
52.Kg2 Rh6 53.gxf7 Rg6+ 54.Kh2 Rh6+ 55.Kg3 Rg6+ 56.Kh4  1-0

[Event "Moscow4"]
[Site "Moscow"]
[Date "1992.??.??"]
[Round "?"]
[White "Rausis, Igors"]
[Black "Piesina, Gintautas"]
[Result "1-0"]
[WhiteElo "2460"]
[BlackElo "2415"]

1.d4 Nf6 2.Bg5 Ne4 3.Bh4 c5 4.Nd2 Nxd2 5.Qxd2 cxd4 6.Nf3 Nc6 7.O-O-O Qb6
8.Nxd4 Nxd4 9.Qxd4 Qxd4 10.Rxd4 e6 11.e4 Bc5 12.Rd2 f6 13.a3 a6 14.Be2 O-O
15.Rhd1 b5 16.b4 Bb6 17.c4 bxc4 18.Bxc4 Kh8 19.Kb2 Bb7 20.Rxd7 Bxe4 21.f3 Bc6
22.R7d6 Ba4 23.Bb3 Bxb3 24.Kxb3 Bc7 25.Rxe6 Bxh2 26.Bf2 Be5 27.Rd7 a5 28.b5 h5
29.b6 Rac8 30.Bd4 Bf4 31.Ree7 a4+ 32.Kxa4 Rfd8 33.Rxd8+ Rxd8 34.Be3 Be5 35.b7 Bd6
36.Bb6  1-0

[Event "Moscow3"]
[Site "Moscow"]
[Date "1992.??.??"]
[Round "?"]
[White "Rausis, Igors"]
[Black "Muhutdinov, Marat"]
[Result "1/2-1/2"]
[WhiteElo "2460"]
[BlackElo "2440"]

1.d4 Nf6 2.Bg5 Ne4 3.Bf4 c5 4.f3 Qa5+ 5.c3 Nf6 6.Nd2 cxd4 7.Nb3 Qb6 8.Qxd4 Nc6
9.Qxb6 axb6 10.e4 d5 11.exd5 Nxd5 12.Bd2 e5 13.a3 Be6 14.c4 Nf6 15.Be3 Nd7
16.Rc1 Nc5 17.Nxc5 Bxc5 18.Bxc5 bxc5 19.Ne2 Ke7 20.Nc3 Rhd8 21.Be2 Nd4 22.Nb5 Ra4
23.Nxd4 Rxd4 24.Rc3 Bxc4 25.Bxc4 Raxc4 26.Rxc4 Rxc4 27.Kd2 Kd6 28.Re1 f5
29.Re3 Rd4+ 30.Kc2 b5 31.Rb3 Kc6 32.Re3 Kd5 33.Rb3 Rc4+ 34.Kd2 b4 35.Re3 g5
36.axb4 cxb4 37.Kd3 b3 38.Rxe5+ Kxe5 39.Kxc4 Kf4 40.Kxb3 Ke3 41.Kc4 Kf2 42.b4 Kxg2
43.b5 g4 44.fxg4 f4 45.b6 f3 46.b7 f2 47.b8=Q f1=Q+ 48.Kd4 Qd1+ 49.Ke3 Qxg4
50.Qb7+ Kxh2  1/2-1/2

[Event "Moscow4"]
[Site "Moscow"]
[Date "1992.??.??"]
[Round "?"]
[White "Rausis, Igors"]
[Black "Naumkin, Igor"]
[Result "1-0"]
[WhiteElo "2460"]
[BlackElo "2460"]

1.d4 Nf6 2.Bg5 Ne4 3.Bh4 d5 4.Nd2 Bf5 5.f3 Nd6 6.c4 c6 7.e3 Bg6 8.Qb3 dxc4
9.Nxc4 Nxc4 10.Bxc4 b5 11.Be2 Nd7 12.Rc1 Rc8 13.Nh3 Qa5+ 14.Kf2 f6 15.d5 Bf7
16.Rhd1 Nb6 17.Nf4 g5 18.Ne6 Qa4 19.dxc6 Qxh4+ 20.Kg1 Bxe6 21.Qxe6 Qb4 22.f4 h5
23.Bd3 Rh6 24.Qg8 f5 25.Bxf5 Rd6 26.Bg6+  1-0

[Event "Munich op9192"]
[Site "Munich"]
[Date "1992.??.??"]
[Round "6"]
[White "Gerstner, Wolfgang"]
[Black "Mueller, W."]
[Result "0-1"]
[WhiteElo "2385"]
[BlackElo "2285"]

1.d4 Nf6 2.Bg5 Ne4 3.Bf4 d5 4.Nd2 e6 5.Nxe4 dxe4 6.c3 Bd6 7.Bxd6 cxd6 8.Qc2 d5
9.f3 e3 10.Qd3 Qb6 11.O-O-O Nc6 12.Qxe3 O-O 13.Qd2 Bd7 14.e4 Rfc8 15.e5 Na5
16.Kb1 Ba4 17.Re1 Rc6 18.Bd3 Rac8 19.Ne2 Bb5 20.Rc1 Bc4 21.Rc2 Bxa2+  0-1

[Event "New York op"]
[Site "New York"]
[Date "1992.??.??"]
[Round "5"]
[White "Nesterov, Jakov"]
[Black "Sagalchik, Gennadij"]
[Result "1/2-1/2"]
[WhiteElo "2405"]
[BlackElo "2475"]

1.d4 Nf6 2.Bg5 Ne4 3.Bh4 c6 4.Nd2 Qa5 5.c3 Nxd2 6.Qxd2 d5 7.f3 Bf5 8.g4 Bg6
9.Nh3 f6 10.Qe3 Bf7 11.g5 Nd7 12.Nf2 O-O-O 13.Bh3 h6 14.gxf6 exf6 15.Bg3 g5
16.Bf5 Re8 17.Qd3 Be6 18.Bxe6 Rxe6 19.Qf5 Re8 20.Nd3 Qd8 21.e4 Qe7 22.O-O-O Qh7
23.Qxh7 Rxh7 24.Rde1  1/2-1/2

[Event "NZD-ch"]
[Site "?"]
[Date "1992.??.??"]
[Round "6"]
[White "Ker, Anthony F"]
[Black "Stuart, Peter"]
[Result "1-0"]
[WhiteElo "2320"]
[BlackElo "2210"]

1.d4 Nf6 2.Bg5 Ne4 3.Bh4 g5 4.f3 gxh4 5.fxe4 c5 6.e3 Qb6 7.Bc4 Qxb2 8.Nd2 Qc3
9.Bd3 Bh6 10.Ne2 Qa5 11.c3 cxd4 12.exd4 d6 13.Nf3 Qh5 14.O-O Rg8 15.Kh1 Nd7
16.Qe1 Nf6 17.Qxh4 Bg4 18.Qxh5 Nxh5 19.h3 Be6 20.g4 Nf4 21.Nxf4 Bxf4 22.Bb5+ Bd7
23.Bxd7+ Kxd7 24.Rab1 b6 25.Ng1 Bd2 26.Rxf7 Rac8 27.Nf3 h5 28.Nxd2 Rxc3 29.Nf3 hxg4
30.Rg1 Rh8 31.Rxg4 Rxh3+ 32.Kg2 Rh8 33.Rgg7 Re8 34.Nh4 Re3 35.Rxe7+ Rxe7
36.Rxe7+  1-0

[Event "Oakham"]
[Site "Oakham"]
[Date "1992.??.??"]
[Round "3"]
[White "Aleksandrov, Aleksej"]
[Black "Bologan, Viktor"]
[Result "1-0"]
[WhiteElo "2460"]
[BlackElo "2585"]

1.d4 Nf6 2.Bg5 Ne4 3.Bh4 g5 4.f3 gxh4 5.fxe4 c5 6.e3 Qb6 7.Nc3 e6 8.Nf3 Qxb2
9.Nb5 Qb4+ 10.Kf2 cxd4 11.Qxd4 Qxd4 12.exd4 Na6 13.e5 b6 14.Nxh4 Bb7 15.Nf3 Be7
16.Bd3 O-O 17.c3 f6 18.Rhe1 Rac8 19.exf6 Rxf6 20.Re3 Nc7 21.Nxa7 Rcf8 22.c4 Rf4
23.Ke2 Bf6 24.a4 Rg4 25.g3  1-0

[Event "Osijek"]
[Site "Osijek"]
[Date "1992.??.??"]
[Round "7"]
[White "Kovacevic, Vlatko"]
[Black "Palac, Mladen"]
[Result "1-0"]
[WhiteElo "2545"]
[BlackElo "2500"]

1.d4 Nf6 2.Bg5 Ne4 3.Bf4 c5 4.f3 Qa5+ 5.c3 Nf6 6.Nd2 cxd4 7.Nb3 Qd8 8.cxd4 d5
9.e3 e6 10.Rc1 Nc6 11.Bd3 Bb4+ 12.Kf2 O-O 13.a3 Bd6 14.Bxd6 Qxd6 15.f4 b6
16.Nf3 Bb7 17.Nbd2 Rfc8 18.Ne5 Qd8 19.Qf3 Ne4+ 20.Ke2 f5 21.g4 Nxe5 22.fxe5 Rxc1
23.Rxc1 Qh4 24.Qg2 Rf8 25.Rc7 Rf7 26.Rxf7 Kxf7 27.gxf5 Qh5+ 28.Ke1 exf5 29.Bxe4 fxe4
30.Qf2+ Ke7 31.Nf1 Ba6 32.Ng3 Qf7 33.Qc2 Kf8 34.Qc6 g6 35.e6 Qf3 36.Qa8+ Ke7
37.Qxa7+ Kxe6 38.Qxb6+ Ke7 39.Qa7+ Ke8 40.Qxa6 Qxe3+ 41.Ne2 Qh3 42.Qc6+ Ke7
43.Qb5 Qxh2 44.Qxd5  1-0

[Event "Ostrava op"]
[Site "Ostrava"]
[Date "1992.??.??"]
[Round "2"]
[White "Obsivac, Josef"]
[Black "Golubev, Mihail"]
[Result "1/2-1/2"]
[WhiteElo "2275"]
[BlackElo "2465"]

1.d4 Nf6 2.Bg5 Ne4 3.Bh4 c5 4.f3 g5 5.fxe4 gxh4 6.e3 Bh6 7.Kf2 cxd4 8.exd4 d5
9.exd5 Qxd5 10.Nc3 Qg5 11.Bb5+ Nc6 12.Nf3 Qe3+ 13.Kf1 h3 14.Qe2 Qxe2+ 15.Kxe2 a6
16.Bxc6+ bxc6 17.g3 f6 18.d5 cxd5 19.Nxd5 Rb8 20.b3 Kf7 21.Rad1 Bf5 22.c4 a5
23.Rhf1 Bc2 24.Rd4 a4 25.b4 Kg7 26.Rg4+ Bg6 27.Nd4 Kf7 28.Nf5 Bf8 29.Nfe3 Bh5
30.Kd3 Bxg4 31.Nxg4 Ke6 32.Nge3 Rg8 33.Nf5  1/2-1/2

[Event "Oviedo rapid45"]
[Site "Oviedo"]
[Date "1992.??.??"]
[Round "4"]
[White "Aleksandrov, Aleksej"]
[Black "Piket, Jeroen"]
[Result "0-1"]
[WhiteElo "2460"]
[BlackElo "2615"]

1.d4 Nf6 2.Bg5 Ne4 3.Bh4 d5 4.f3 Nd6 5.e3 c6 6.Nc3 g6 7.Bd3 Bg7 8.Nge2 O-O
9.O-O Nf5 10.Bf2 e5 11.Kh1 Re8 12.dxe5 Bxe5 13.e4 dxe4 14.fxe4 Nd6 15.Qd2 Be6
16.Nd4 Nd7 17.Nxe6 Rxe6 18.Rad1 Qc7 19.Bh4 Nc5 20.b4 Bxc3 21.Qxc3 Ncxe4 22.Bxe4 Nxe4
23.Qd4 Rae8 24.Qxa7 g5 25.Be1 h6 26.Qa3 Qe5 27.Qa7 R8e7 28.c4 Rd6 29.Rf6 Qxf6
30.Qg1 Qe5  0-1

[Event "Pila"]
[Site "Pila"]
[Date "1992.??.??"]
[Round "3"]
[White "Nesterov, Jakov"]
[Black "Konopka, Michal"]
[Result "1-0"]
[WhiteElo "2405"]
[BlackElo "2360"]

1.d4 Nf6 2.Bg5 Ne4 3.Bh4 c5 4.f3 g5 5.fxe4 gxh4 6.e3 Bh6 7.Kf2 cxd4 8.exd4 Nc6
9.Nc3 e6 10.Nf3 d5 11.Bd3 dxe4 12.Bxe4 Bd7 13.Re1 Qb6 14.Na4 Qb5 15.Nc5 O-O-O
16.a4 Qb4 17.Re2 Be8 18.c3 Qb6 19.Nxh4 e5 20.a5 Qc7 21.Qb3 exd4 22.Bf5+ Bd7
23.Nxd7 Rxd7 24.Qxf7 Be3+ 25.Kf1 Kb8 26.Qxd7 Qxh2 27.Rxe3 dxe3 28.a6  1-0

[Event "BCF-ch"]
[Site "Plymouth"]
[Date "1992.??.??"]
[Round "2"]
[White "Mortazavi, Ali"]
[Black "Howell, James C"]
[Result "1/2-1/2"]
[WhiteElo "2320"]
[BlackElo "2465"]

1.d4 Nf6 2.Bg5 Ne4 3.Bf4 c5 4.d5 Qb6 5.Nd2 Qxb2 6.Nxe4 Qb4+ 7.Qd2 Qxe4 8.e3 e6
9.dxe6 Qxe6 10.Ne2 b6 11.Nc3 Bb7 12.Rd1 Be7 13.Nb5 Na6 14.Bc4 d5 15.Bxd5 Bxd5
16.Qxd5 Qxd5 17.Rxd5 Nb4 18.Nc7+ Kf8 19.Rd2 Rd8 20.Ke2 Rxd2+ 21.Kxd2 f5 22.a3 Nc6
23.Kc3 Kf7 24.Rd1 g5 25.Bg3 Rd8 26.Rd5 Rxd5 27.Nxd5 Bd8 28.Kc4 Ke6 29.Bc7 Bxc7
30.Nxc7+ Kd7 31.Nd5 Ke6 32.Nc7+ Kd7 33.Nd5 Ke6 34.Nc7+  1/2-1/2

[Event "BCF-ch"]
[Site "Plymouth"]
[Date "1992.??.??"]
[Round "8"]
[White "Hodgson, Julian M"]
[Black "Emms, John M"]
[Result "1-0"]
[WhiteElo "2535"]
[BlackElo "2455"]

1.d4 Nf6 2.Bg5 Ne4 3.h4 c5 4.d5 g6 5.Qd3 Qa5+ 6.Nd2 Nxg5 7.hxg5 Bg7 8.c3 d6
9.e4 Nd7 10.a4 Rb8 11.Nc4 Qc7 12.f4 a6 13.a5 b5 14.axb6 Nxb6 15.Qc2 e6 16.dxe6 Bxe6
17.Ne3 Bd7 18.Nf3 O-O 19.f5 Rfe8 20.f6 Bf8 21.O-O-O d5 22.e5 Rxe5 23.Qf2 Rxe3
24.Qxe3 d4 25.Qe1 dxc3 26.Qxc3 Qf4+ 27.Rd2 Qa4 28.b3 Qa3+ 29.Qb2 Qa5 30.Rxd7 c4
31.Rxf7 Ba3 32.Rg7+ Kf8 33.Rhxh7 Bxb2+ 34.Kd1 Qd5+  1-0

[Event "BCF-ch"]
[Site "Plymouth"]
[Date "1992.??.??"]
[Round "9"]
[White "Bibby, Simon"]
[Black "Ryan, Joseph"]
[Result "1/2-1/2"]
[WhiteElo "2285"]
[BlackElo "2275"]

1.d4 Nf6 2.Bg5 Ne4 3.Bf4 d5 4.f3 Nf6 5.e4 dxe4 6.Nc3 Bf5 7.fxe4 Nxe4 8.Qf3 Nxc3
9.bxc3 Qc8 10.Bc4 e6 11.Ne2 Be7 12.O-O O-O 13.Qg3 Nd7 14.Bxc7 Bxc2 15.Rac1 Bg6
16.Bb3 Bh4 17.Qxh4 Qxc7 18.Nf4 Rae8 19.Nxg6 fxg6 20.Rce1 Rxf1+ 21.Kxf1 Nf8
22.Re3 Kh8 23.g3 h6 24.Kg2 Kh7 25.Qg4 Re7 26.h4 Rf7 27.Bxe6 Nxe6 28.Qxe6 Rf6
29.Qd5 Rf5 30.Qe6 Rf6 31.Qb3 Qc6+ 32.d5 Qc5 33.c4 b6 34.Qd3 Qf8 35.Rf3 Rxf3
36.Qxf3 Qc5 37.Qd3 h5 38.d6 Qc6+ 39.Qd5 Qd7 40.Qe5 Kg8 41.Qf4 Qc6+ 42.Kh2 Qd7
43.Qd2 Kf7 44.a4 Kf6 45.a5 bxa5 46.Qd4+ Kf7 47.Qd5+ Qe6 48.Qf3+ Ke8 49.c5 a4
50.Qa8+ Kf7 51.Qf3+ Ke8 52.Qd3 Qf5 53.Qe2+ Kd7 54.Qb5+ Ke6 55.Qc4+ Kd7 56.Kg2 Kc6
57.d7 Kxd7 58.Qxa4+ Kc8 59.Qc6+ Kb8 60.Qd6+ Ka8 61.Qc6+  1/2-1/2

[Event "CSR-ch"]
[Site "Prague"]
[Date "1992.??.??"]
[Round "2"]
[White "Lys, Josef"]
[Black "Krupkova, Petra"]
[Result "1-0"]
[WhiteElo "2295"]
[BlackElo "2035"]

1.d4 Nf6 2.Bg5 Ne4 3.Bf4 d5 4.f3 Nd6 5.Nc3 c6 6.e4 dxe4 7.fxe4 Qa5 8.Qd2 b5
9.e5 b4 10.Nd1 Nf5 11.g4 Nh4 12.Ne3 Be6 13.h3 Bd5 14.Rh2 e6 15.Rf2 Nd7 16.Bg5 Ng6
17.h4 h6 18.h5 hxg5 19.hxg6 f6 20.Nxd5 Qxd5 21.Bg2 Qb5 22.exf6 Nxf6 23.Nh3 O-O-O
24.O-O-O Qc4 25.b3 Qa6 26.Kb1 Bc5 27.Qe1 Bxd4 28.Qxe6+ Kc7 29.Rfd2 Rhe8 30.Qxc6+ Qxc6
31.Bxc6 Kxc6 32.Rxd4 Nd5 33.Kb2 a5 34.Nxg5 Rd7 35.Rc4+ Kb6 36.a3 bxa3+ 37.Kxa3 Re2
38.Ne4 Ne3 39.Rxd7 Nxc4+ 40.bxc4 Rxe4 41.Kb3 Rxg4 42.Rxg7 Rg3+ 43.c3 a4+
44.Kxa4 Rxc3 45.Kb4 Rc1 46.Rg8 Rg1 47.g7 Kb7 48.c5 Rb1+ 49.Kc3 Rc1+ 50.Kd2 Rg1
51.c6+  1-0

[Event "Prague DDM-C"]
[Site "Prague"]
[Date "1992.??.??"]
[Round "5"]
[White "Cech, Pavel"]
[Black "Becker, Marc"]
[Result "1/2-1/2"]
[WhiteElo "2330"]
[BlackElo "2340"]

1.d4 Nf6 2.Bg5 Ne4 3.h4 c5 4.d5 Qb6 5.Qc1 g6 6.Nd2 Nxd2 7.Bxd2 Bg7 8.c3 e6
9.e4 exd5 10.exd5 h5 11.Nf3 O-O 12.Be2 Re8 13.Be3 d6 14.O-O Bg4 15.Qd2 Nd7
16.Rae1 Nf6 17.Ng5 Bxe2 18.Rxe2 Qa5 19.Bf4 Qxa2 20.Bxd6 Qxd5 21.Qxd5 Nxd5
22.Rxe8+ Rxe8 23.Rd1 Nb6 24.Bxc5 Bf6 25.Ra1 Nc4 26.Rxa7 b6 27.Bd4  1/2-1/2

[Event "Prague Chip"]
[Site "Prague"]
[Date "1992.??.??"]
[Round "6"]
[White "Meduna, Eduard"]
[Black "Stohl, Igor"]
[Result "0-1"]
[WhiteElo "2500"]
[BlackElo "2560"]

1.d4 Nf6 2.Bg5 Ne4 3.Bf4 c5 4.f3 Qa5+ 5.c3 Nf6 6.d5 d6 7.e4 g6 8.Nd2 Bg7
9.Bd3 O-O 10.Ne2 Qd8 11.O-O e6 12.dxe6 fxe6 13.Bg5 Nc6 14.f4 Qc7 15.Qe1 e5
16.f5 gxf5 17.Bc4+ Kh8 18.exf5 Ne7 19.Ng3 d5 20.Be2 c4 21.b3 b5 22.a4 b4
23.Rc1 cxb3 24.Nxb3 Qb6+ 25.Kh1 bxc3 26.Qxc3 d4 27.Qc5 Qxc5 28.Nxc5 Ned5
29.Bf3 Rb8 30.Rfe1 Nc3 31.Ne6 Bxe6 32.fxe6 Rbe8 33.Nf5 e4 34.e7 Rf7 35.Bxf6 Bxf6
36.Bxe4 Bg5 37.Ra1 Nxe4 38.Rxe4 Rxf5  0-1